Fortnite season 1 locations - Statistics

General Stats
  • This quiz has been taken 24 times
  • The average score is 10 of 13
Answer Stats
Season 1 Answer % Correct
P Pleasant Park
96%
M Moisty Mire
83%
W Wailing Woods
83%
D Dusty Depot
78%
F Fatal Fields
78%
L Loot Lake
78%
R Retail Row
78%
S Salty Springs
78%
G Greasy Grove
74%
A Anarchy Acres
70%
F Flush Factory
65%
T Tomato Town
61%
L Lonely Lodge
57%
No matching quizzes found
Score Distribution
Percent of People with Each Score
Percentile by Number Answered
Your Score History
You have not taken this quiz